Reality TV Elimination Catchphrases Quiz Stats

 Plays Quiz Updated Sep 12, 2018

Score 0/14 Timer 04:00
5 Plays Today
Catchphrase Reality Show % Correct
You're fired!The Apprentice/Celebrity Apprentice
93.2%
The tribe has spoken.Survivor
90.9%
I'm sorry. You've been eliminated from the race.The Amazing Race
82.8%
You've been evicted from the [show title] house.Big Brother
72.9%
Please pack your knives and go.Top Chef
51.3%
You're below the yellow line and up for elimination.The Biggest Loser
44.7%
Give me your jacket and leave [show title].Hell's Kitchen
44.4%
Catchphrase Reality Show % Correct
Auf Wiedersehen.Project Runway
35.9%
Your tour ends here. Rock of Love/Rock of Love Bus
15.6%
Your time's up.Flavor of Love
5.8%
You must leave the chateau.Joe Millionaire
5.2%
Ashes to ashes, dust to dust, [contestant], you're dead to us.The Joe Schmo Show/Lap of Luxury
2.2%
Your stay in [show title] is over.Sol1tary
1.6%
You might play for somebody, but it won't be the Cowboys.4th and Long
1.5%

You're not logged in!

Compare scores with friends on all Sporcle quizzes.
OR
Log In

Show Comments

Extras

Top Quizzes Today


Score Distribution

Your Account Isn't Verified!

In order to create a playlist on Sporcle, you need to verify the email address you used during registration. Go to your Sporcle Settings to finish the process.

Report this User

Report this user for behavior that violates our Community Guidelines.

Details: